The Fosters - Statistics

General Stats
  • This quiz has been taken 277 times
  • The average score is 11 of 15
Answer Stats
Actor Character % Correct
Maia Mitchell Callie Jacob
100%
Jake T. Austin/Noah Centineo Jesus Adams Foster
98%
Hayden Byerly Jude Adams Foster
97%
Cierra Ramirez Mariana Adams Foster
97%
David Lambert Brandon Foster
96%
Sherri Saum Lena Adams Foster
95%
Teri Polo Stef Adams Foster
92%
Danny Nucci Mike Foster
90%
Alexandra Barreto Ana Gutierrez
67%
Gavin MacIntosh Connor Stevens
49%
Bianca A. Santos Lexi Rivera
48%
Tom Williamson AJ Hensdale
47%
Alex Saxon Wyatt
46%
Jordan Rodriguez Mat Tan
45%
Ashley Argota Lucy Chan
26%
No matching quizzes found
Score Distribution
Percent of People with Each Score
Percentile by Number Answered
Your Score History
You have not taken this quiz